Cartilla Duartiana: lectura de la patria: el día de Duarte 26 de enero / Daniel Nicanor Pichardo Cruz (Registro nro. 10475)

Detalles MARC
000 -LEADER
fixed length control field 00578nam a22001931a 4500
001 - CONTROL NUMBER
control field 10475
003 - CONTROL NUMBER IDENTIFIER
control field OSt
005 - DATE AND TIME OF LATEST TRANSACTION
control field 20260204212201.0
008 - FIXED-LENGTH DATA ELEMENTS--GENERAL INFORMATION
fixed length control field 090311s2009||||dr ||||||b||||||||||spa||
050 ## - LIBRARY OF CONGRESS CALL NUMBER
Classification number RD 972.9367 P583c
100 ## - ASIENTO PRINCIPAL -- NOMBRE PERSONAL
Personal name Pichardo Cruz, Daniel Nicanor
245 ## - TÍTULO PROPIAMENTE DICHO: SUBTÍTULO
Title Cartilla Duartiana: lectura de la patria: el día de Duarte 26 de enero / Daniel Nicanor Pichardo Cruz
250 ## - MENCIÓN DE EDICIÓN
Edition statement 2
264 ## - PRODUCTION, PUBLICATION, DISTRIBUTION, MANUFACTURE, AND COPYRIGHT NOTICE
Place of production, publication, distribution, manufacture Santo Domingo : Alfa y Omega
300 ## - PHYSICAL DESCRIPTION
Extensión 15 p
490 ## - MENCIÓN DE SERIE
Series statement Lectura de la Patria No.2
650 ## - ASIENTO SECUNDARIO DE MATERIA -- TERMINO TEMÁTICO
Termino Temático Como Elemento de Entrada Duarte - Historia de la República Dom.Ì
942 ## - ADDED ENTRY ELEMENTS (KOHA)
Source of classification or shelving scheme Dewey Decimal Classification
Koha item type Libros
Existencias
Withdrawn status Lost status Source of classification or shelving scheme Damaged status Not for loan Current library Date acquired Total Checkouts Full call number Barcode Date last seen Price effective from Koha item type
    Dewey Decimal Classification     Biblioteca UTECO 09/09/2019   RD 972.9367 P583C 014749 09/09/2019 09/09/2019 Libros
    Dewey Decimal Classification     Biblioteca UTECO 09/09/2019   RD 972.9367 P583C 014750 09/09/2019 09/09/2019 Libros
    Dewey Decimal Classification     Biblioteca UTECO 09/09/2019   RD 972.9367 P583C 014764 09/09/2019 09/09/2019 Libros
    Dewey Decimal Classification     Biblioteca UTECO 09/09/2019   RD 972.9367 P583C 014765 09/09/2019 09/09/2019 Libros
    Dewey Decimal Classification     Biblioteca UTECO 09/09/2019   RD 972.9367 P583C 014766 09/09/2019 09/09/2019 Libros
    Dewey Decimal Classification     Biblioteca UTECO 09/09/2019   RD 972.9367 P583C 014767 09/09/2019 09/09/2019 Libros
© 2021 Derechos Reservados UTECO - Teléfono: +1 809-585-2291 - Correo electrónico: biblioteca@uteco.edu.do​  
Código postal 43000 ​​
Dirección: Avenida Universitaria No. 100, 
Cotuí, Provincia Sánchez Ramírez, República Dominicana - RNC: 404-00059-6